Oracle Database 10g: New Features. (Record no. 162)

MARC details
005 - DATE AND TIME OF LATEST TRANSACTION
control field 20250617165708.0
020 ## - INTERNATIONAL STANDARD BOOK NUMBER
International Standard Book Number 0-07-222947-0
082 ## - DEWEY DECIMAL CLASSIFICATION NUMBER
Classification number 005.74 FRE
100 ## - MAIN ENTRY--PERSONAL NAME
Author name FREEMAN, R. G.
245 ## - TITLE STATEMENT
Title Oracle Database 10g: New Features.
260 ## - PUBLICATION, DISTRIBUTION, ETC.
Place of publication, distribution, etc. New York,
Name of publisher, distributor, etc. McGraw,
Date of publication, distribution, etc. 2004.
300 ## - PHYSICAL DESCRIPTION
Extent xviii, 240p.: ill.; picture.
Other physical details Index.
Dimensions 23cm.
856 ## - ELECTRONIC LOCATION AND ACCESS
Link text Access Online Book
Electronic name Database
Path OraclePressBooks.com
942 ## - ADDED ENTRY ELEMENTS (KOHA)
Source of classification or shelving scheme Dewey Decimal Classification
Koha item type Books
Holdings
Date last seen Total checkouts Full call number Barcode Cost, replacement price Price effective from Koha item type Lost status Source of classification or shelving scheme Damaged status Not for loan Withdrawn status Home library Current library Shelving location Date acquired Cost, normal purchase price
03/07/2025   005.74 FRE 000000368 165000.00 03/07/2025 Books   Dewey Decimal Classification       College of Business Education Main Library College of Business Education Main Library General Collection 03/07/2025 55000.00
03/07/2025   005.74 FRE 000000369 165000.00 03/07/2025 Books   Dewey Decimal Classification       College of Business Education Main Library College of Business Education Main Library General Collection 03/07/2025 55000.00
03/07/2025   005.74 FRE 000000370 165000.00 03/07/2025 Books   Dewey Decimal Classification       College of Business Education Main Library College of Business Education Main Library General Collection 03/07/2025 55000.00
03/07/2025   005.74 FRE 000000371 165000.00 03/07/2025 Books   Dewey Decimal Classification       College of Business Education Main Library College of Business Education Main Library General Collection 03/07/2025 55000.00
03/07/2025   005.74 FRE 000000372 165000.00 03/07/2025 Books   Dewey Decimal Classification       College of Business Education Main Library College of Business Education Main Library General Collection 03/07/2025 55000.00